000 00896cam a2200277 i 4500
001 c 67001248
003 DLC
005 20260227111036.0
008 030729s1952 cc 000 0 chi
010 _ac 67001248
035 _a(CStRLIN)DCLP03-B10744
040 _aDLC
_cDLC-R
_dDLC-R
_dDLC
043 _aa-ch---
050 0 0 _aS517.C5
_bH7
066 _c$1
100 1 _6880-01
_aXu, Jianying.
245 1 0 _6880-02
_aNong you ji shu /
_cXu jianying bian zhu.
260 _6880-03
_aBeijing :
_bZhonghua shu ju,
_c1952.
300 _a104 p. ;
_c17 cm.
440 0 _6880-04
_aShi yong nong ye xiao cong shu ;
_vdi 12 zhong
650 0 _aAgriculture
_vHandbooks, manuals, etc.
880 1 _6100-01/$1
_a許劍英.
880 1 0 _6245-02/$1
_a農友技術 /
_c許劍英編著.
880 _6260-03/$1
_a北京 :
_b中華書局,
_c1952.
880 0 _6440-04/$1
_a實用農業小丛書 ;
_v第12種
999 _c12934
_d12934